Capítulo VII, Las políticas sociales: de instrumentos compensatorios y subordinados de la política económica a eje central de una ética del desarrollo/
Spremljeno u:
| Glavni autor: | |
|---|---|
| Format: | Knjiga |
| Jezik: | Spanish |
| Online pristup: | texto completo desde el sitio de la revista |
| Oznake: |
Dodaj oznaku
Bez oznaka, Budi prvi tko označuje ovaj zapis!
|
MARC
| LEADER | 00000nam a22000007a 4500 | ||
|---|---|---|---|
| 003 | cru CIDCACS/IIS | ||
| 005 | 20190227141654.0 | ||
| 007 | ta | ||
| 008 | 190222s2000 cr |||||r||||||0| ||spa|d | ||
| 999 | |c 42215 |d 42215 | ||
| 040 | |c cru CIDCACS/IIS | ||
| 100 | 1 | |9 5450 |a Mora Jiménez, Henry | |
| 245 | 1 | |a Capítulo VII, Las políticas sociales: |b de instrumentos compensatorios y subordinados de la política económica a eje central de una ética del desarrollo/ |c Henry Manuel Mora Jiménez | |
| 300 | |a páginas 123-134: |b tablas | ||
| 773 | 0 | |0 42207 |9 2692 |a Universidad Nacional de Costa Rica |d San José, Costa Rica: UNA, 1996- |o 18299 |t Revista Economía y Sociedad / |x 14091070 | |
| 856 | |u http://www.revistas.una.ac.cr/index.php/economia/article/view/1552/1471 |y texto completo desde el sitio de la revista | ||
| 942 | |2 ddc |c PP | ||
